02152nam a2200397 a 4500001000200000003000900002005001700011007000200028008003900030020001900069040002200088050000600110082002700116100002800143245008900171250001200260260008300272300002100355505058200376650005300958650003901011650004801050650003401098710006201132910001401194942001201208945002701220952012901247952013401376952013401510956001801644956001801662956001801680956003901698999001701737 DO-SdBNP20210811112218.0 090509s2020 dr 000 0 spa d z 9789945613728 aBPMSUbspacBPMSU b  a305.42bM385a 20202221 a Martínez, Lusitania.10aActitudes femeninas frente a los oficios no tradicionales /cLusitania Martínezb  a2a. ed. aSanto Domingo :bCentro de Solidaridad para el Desarrollo de la Mujer, c2020 a210 p. ;c23 cm.0 aLa división sexual del trabajo : actividades reproductivas y productivas de la mujer -- sexualidad de la división del trabajo -- Introducción: Lo concreto: mujer y trabajo en América Latina -- Variables en la relación mujer-trabajo -- República Dominicana: educación, mujer, trabajo y crisis -- Las actitudes femeninas -- República Dominicana: los Mina Norte, breve contexto global -- Los Mina Norte: un caso de marginalidad -- Las historias de vida de cuatro mujeres marginadas -- Breve perfil de 5 mujeres que hacen oficios de hombre -- Cuadros de la GTZ. 4aEducación de la mujerzRepública Dominicana  4aMujeres en República Dominicana  4aTrabajo de la mujerzRepública Dominicana 4aMujeresxCondiciones sociales2 a Archivo General de la Nación (República Dominicana) aVMateo V. 2ddccBK aInventariado / 2017 VM 00102ddc40708CDaBPMETbBPMETd2021-08-11eAGNl0oBPMSU CD 305.42 M385a 2020pBPMSU21080043r2021-08-11w2021-08-11yBK 00102ddc40708CDaBPMETbBPMETd2021-08-11eAGNl0oBPMSU CD 305.42 M385a 2020pBPMSU25110119r2025-11-28te.2w2021-08-11yBK 00102ddc40708CDaBPMETbBPMETd2021-08-11eAGNl0oBPMSU CD 305.42 M385a 2020pBPMSU26020088r2026-02-13te.3w2021-08-11yBK a b c l h  a b c l h  a b c l h  aVMATEOb10c20150807lBPMSUh00151 c13649d13649